[Event "Tournoi Skype 018A"]
[Site "Skype"]
[Date "????.??.??"]
[Round "5.4"]
[White "Jacquelin, Norbert"]
[Black "Deville, Olivier"]
[Result "1/2-1/2"]
[WhiteElo "1845"]
[BlackElo "1974"]
[PlyCount "126"]

1. c4 c5 2. Nf3 Nc6 3. g3 e5 4. Nc3 Nge7 5. Bg2 g6 6. d3 Bg7 7. O-O d6 8. Bg5
h6 9. Bd2 O-O 10. Qc1 Kh7 11. h3 Be6 12. Kh2 Rc8 13. Rh1 b6 14. Kg1 d5 15. b3
f5 16. e4 fxe4 17. dxe4 dxc4 18. bxc4 Bxc4 19. Nd1 Be2 20. Nh2 Nd4 21. Ne3 Bd3
22. Bf1 Bxe4 23. Qb2 Bxh1 24. Kxh1 Rxf2 25. Nhg4 Nf3 26. Nxf2 Qxd2 27. Qxd2
Nxd2 28. Ba6 Rf8 29. Kg2 Nf3 30. Ne4 Nd4 31. Re1 Nec6 32. Bc4 Nb4 33. a3 Nbc2
34. Nxc2 Nxc2 35. Rc1 Nd4 36. Bd5 Rd8 37. Bb7 Rd7 38. Ba6 Nf5 39. Rc3 Rd4 40.
Kf3 Nd6 41. Nxd6 Rxd6 42. Rd3 Rxd3+ 43. Bxd3 Bf6 44. Ke4 Kg7 45. h4 g5 46. hxg5
hxg5 47. g4 Kf7 48. Kd5 Ke7 49. a4 Bg7 50. Ba6 Kd7 51. Bb5+ Kc7 52. Ba6 e4 53.
Kxe4 Kd6 54. Bc4 Bf8 55. Kf5 Be7 56. Ke4 Kc6 57. Ba6 c4 58. Bxc4 Kc5 59. Bb5
Kb4 60. Kd5 a6 61. Bxa6 Kxa4 62. Kc4 Ka5 63. Bb5 Bc5 1/2-1/2

[Event "Tournoi Skype 018A"]
[Site "Skype"]
[Date "????.??.??"]
[Round "5.5"]
[White "Hilton, Stephen"]
[Black "Legueltel, Daniel"]
[Result "1-0"]
[WhiteElo "1934"]
[BlackElo "1823"]
[PlyCount "47"]

1. d4 Nf6 2. c4 g6 3. Nc3 Bg7 4. e4 d6 5. Be2 O-O 6. Bg5 c5 7. d5 h6 8. Be3
Nbd7 9. h3 Ne8 10. Qd2 Kh7 11. Nf3 Ne5 12. Nxe5 dxe5 13. Bxc5 f5 14. exf5 Bxf5
15. O-O Qc7 16. Be3 Nf6 17. Rac1 Qa5 18. Rfd1 Rad8 19. Qe1 a6 20. a3 Ne8 21. g4
Bc8 22. f3 Rf6 23. Qh4 Rf7 24. Ne4 1-0

[Event "Tournoi Skype 018A"]
[Site "Skype"]
[Date "????.??.??"]
[Round "5.6"]
[White "Barrasso, Alex"]
[Black "Plourde, Alain"]
[Result "0-1"]
[WhiteElo "1781"]
[BlackElo "1931"]
[PlyCount "48"]

1. e4 e6 2. d4 d5 3. e5 c5 4. c3 Nc6 5. Nf3 Qb6 6. Bd3 cxd4 7. cxd4 Bd7 8. O-O
Nxd4 9. Nxd4 Qxd4 10. Nc3 Qxe5 11. Re1 Qb8 12. Nxd5 Bd6 13. h3 Ne7 14. Nxe7
Bxe7 15. Qg4 Bf6 16. Bf4 Qd8 17. Be5 Bxe5 18. Rxe5 Qf6 19. Rae1 O-O 20. Bxh7+
Kxh7 21. Rh5+ Kg8 22. Ree5 Bc6 23. Reg5 g6 24. Rh6 Kg7 0-1

[Event "Tournoi Skype 018A"]
[Site "Skype"]
[Date "????.??.??"]
[Round "5.7"]
[White "Casey, Eamonn"]
[Black "Jaimes, Fredy"]
[Result "0-1"]
[WhiteElo "1733"]
[BlackElo "1826"]
[PlyCount "32"]

1. d4 Nf6 2. c4 e5 3. dxe5 Ng4 4. Nf3 Bc5 5. e3 Nc6 6. Nc3 Ngxe5 7. Nxe5 Nxe5
8. b3 O-O 9. Bb2 a6 10. Be2 d6 11. O-O f5 12. Re1 f4 13. e4 f3 14. gxf3 Bh3 15.
Bc1 Qf6 16. f4 Qg6+ 0-1

[Event "Tournoi Skype 018A"]
[Site "Skype"]
[Date "????.??.??"]
[Round "5.8"]
[White "Malbec, Robert"]
[Black "Ricieri, Vinicius"]
[Result "0-1"]
[WhiteElo "1441"]
[BlackElo "1714"]
[PlyCount "41"]

1. e4 e6 2. d4 d5 3. Nc3 Bb4 4. e5 Ne7 5. Bd2 O-O 6. Nf3 c5 7. a3 Bxc3 8. Bxc3
b6 9. Be2 Nbc6 10. O-O Ng6 11. Qd2 cxd4 12. Bxd4 Qc7 13. Qc3 Bb7 14. Bd3 Rac8
15. Rfe1 Qe7 16. g3 Ncxe5 17. Bxg6 Rxc3 18. Bxc3 Nxf3+ 19. Kg2 Nxe1+ 20. Rxe1
hxg6 21. Bb4 0-1

[Event "Tournoi Skype 018A"]
[Site "Skype"]
[Date "????.??.??"]
[Round "5.9"]
[White "Murgia, Stefano"]
[Black "Megelas, Florent"]
[Result "1-0"]
[WhiteElo "1628"]
[BlackElo "1688"]
[PlyCount "71"]

1. f4 d5 2. Nf3 Nc6 3. b3 Nf6 4. Bb2 Bg4 5. e3 e6 6. Be2 Be7 7. O-O O-O 8. d3
Re8 9. Nbd2 Nd7 10. e4 dxe4 11. dxe4 Bxf3 12. Nxf3 Nf6 13. Bd3 Ng4 14. Qe2 Bc5+
15. Kh1 Nd4 16. Nxd4 Bxd4 17. c3 Qh4 18. g3 Qh3 19. cxd4 Rad8 20. Rad1 c6 21.
f5 exf5 22. Rxf5 Re6 23. Rf4 h5 24. e5 b6 25. Bf5 Rh6 26. Rxg4 hxg4 27. Bxg4
Qxg3 28. Rg1 Qh4 29. Qg2 Rg6 30. Qf3 Rh6 31. Rg2 Qe1+ 32. Rg1 Qh4 33. h3 Rg6
34. Rf1 Qe7 35. Ba3 Qe8 36. Bh5 1-0

[Event "Tournoi Skype 018A"]
[Site "Skype"]
[Date "????.??.??"]
[Round "5.11"]
[White "Engstrom, Olle"]
[Black "Aceituno, Stebe"]
[Result "1-0"]
[WhiteElo "1809"]
[BlackElo "1588"]
[PlyCount "53"]

1. e4 c5 2. Nf3 d6 3. d4 cxd4 4. Nxd4 Nf6 5. Nc3 a6 6. Be2 e6 7. Be3 Be7 8. Qd2
Nc6 9. f4 Qc7 10. O-O-O e5 11. Nb3 Bg4 12. f5 Bxe2 13. Qxe2 Rc8 14. g4 h6 15.
h4 Nh7 16. g5 a5 17. Nd5 Qd7 18. Nb6 Qd8 19. Nxc8 Qxc8 20. Qc4 Nf8 21. Nxa5
hxg5 22. hxg5 Rxh1 23. Rxh1 Kd7 24. Nxc6 Qxc6 25. Qxc6+ Kxc6 26. Rh8 g6 27. f6
1-0

[Event "Tournoi Skype 018A"]
[Site "Skype"]
[Date "????.??.??"]
[Round "5.12"]
[White "Yeter, Orhan"]
[Black "Segura Lozano, Marcos Antonio"]
[Result "0-1"]
[WhiteElo "1544"]
[BlackElo "1764"]
[PlyCount "58"]

1. e4 c6 2. d4 d5 3. exd5 cxd5 4. Nf3 Bf5 5. Bf4 Nc6 6. Bd3 g6 7. Bxf5 gxf5 8.
Qd3 e6 9. Nc3 a6 10. h3 Bg7 11. g4 Nb4 12. Qd2 Ne7 13. a3 Nbc6 14. O-O-O Rc8
15. Rdg1 Qb6 16. Bh6 Bxd4 17. Nxd4 Nxd4 18. Be3 e5 19. f4 Nb3+ 20. cxb3 d4 21.
fxe5 dxe3 22. Qe2 Nd5 23. Kc2 f4 24. Rf1 O-O 25. g5 Rfe8 26. Qg4 Qg6+ 27. Kd1
Nxc3+ 28. bxc3 Rxc3 29. Ke2 Qd3+ 0-1

[Event "Tournoi Skype 018A"]
[Site "Skype"]
[Date "????.??.??"]
[Round "5.13"]
[White "Gharbi, Said"]
[Black "Karia, Vijay"]
[Result "1/2-1/2"]
[WhiteElo "1567"]
[BlackElo "1674"]
[PlyCount "82"]

1. e4 d5 2. exd5 Qxd5 3. Nc3 Qa5 4. d4 c6 5. Bc4 Nf6 6. Nf3 Bf5 7. Bg5 Nbd7 8.
O-O e6 9. a3 Be7 10. Re1 O-O 11. Ne5 Qc7 12. h3 Bd6 13. Qd2 a6 14. Re3 Nxe5 15.
dxe5 Bxe5 16. Rae1 Nd7 17. Bd3 h6 18. Bh4 Bf4 19. Bg3 Bxe3 20. Rxe3 Qc8 21. Rf3
Bxd3 22. Rxd3 Nb6 23. Ne4 Rd8 24. Nd6 Qd7 25. Nxf7 Qxf7 26. Rxd8+ Kh7 27. Rxa8
Nxa8 28. Qd8 Qg8 29. Qd7 Nb6 30. Qxb7 Nd5 31. Qxc6 a5 32. Qb5 Qc8 33. c3 a4 34.
c4 Ne7 35. Qxa4 Nf5 36. Be5 Qc5 37. Bf4 Qd4 38. Bc1 Nh4 39. Be3 Qe4 40. Kf1
Qd3+ 41. Kg1 Qe4 1/2-1/2

[Event "Tournoi Skype 018A"]
[Site "Skype"]
[Date "????.??.??"]
[Round "5.14"]
[White "Sierra, Henry Alberto"]
[Black "Le Brun, Yves"]
[Result "1-0"]
[WhiteElo "1561"]
[BlackElo "1623"]
[PlyCount "65"]

1. d4 Nf6 2. c4 g6 3. Nc3 Bg7 4. e4 d6 5. Nf3 Nc6 6. Be3 O-O 7. Be2 h6 8. Qd2
Kh7 9. O-O Ng8 10. Rad1 e5 11. dxe5 Nxe5 12. Nxe5 Bxe5 13. f4 Bxc3 14. Qxc3 Be6
15. e5 Rc8 16. exd6 cxd6 17. b3 f5 18. Bxa7 Qc7 19. Qb4 Rfd8 20. Bb6 Qd7 21.
Bxd8 Rxd8 22. Bf3 b5 23. cxb5 Qa7+ 24. Rf2 Qb6 25. Rd4 Nf6 26. Rfd2 Bd5 27. Kf1
Bxf3 28. Rxd6 Rxd6 29. Rxd6 Bxg2+ 30. Kxg2 Qb7+ 31. Kg1 Ng4 32. Rc6 Ne3 33. Qd6
1-0

[Event "Tournoi Skype 018A"]
[Site "Skype"]
[Date "????.??.??"]
[Round "5.15"]
[White "Rochette, Mathieu"]
[Black "Saponara, Jose Maria"]
[Result "1-0"]
[WhiteElo "1589"]
[BlackElo "1561"]
[PlyCount "89"]

1. d4 Nf6 2. c4 e6 3. Nf3 d5 4. Nc3 Bb4 5. Bg5 h6 6. Bh4 Nc6 7. e3 g5 8. Bg3
Ne4 9. Rc1 h5 10. Bd3 Nxg3 11. fxg3 Qe7 12. O-O Bxc3 13. Rxc3 Bd7 14. Re1 O-O-O
15. e4 dxc4 16. Bxc4 g4 17. d5 gxf3 18. dxc6 Bxc6 19. Qxf3 h4 20. Rf1 hxg3 21.
Qxg3 Bxe4 22. Rxf7 Qc5+ 23. Kf1 Qd6 24. Bxe6+ Kb8 25. Qxd6 Rxd6 26. Bh3 Bc6 27.
Re3 Rd2 28. Rf2 Bb5+ 29. Ke1 Rxf2 30. Kxf2 Rf8+ 31. Rf3 Re8 32. g4 a5 33. g5
Re2+ 34. Kg3 Rxb2 35. Rb3 Rxb3+ 36. axb3 Be8 37. Be6 b5 38. Kf4 a4 39. bxa4
bxa4 40. Kf5 a3 41. g6 Bxg6+ 42. Kxg6 c5 43. h4 Kc7 44. h5 Kd6 45. Kf6 1-0

[Event "Tournoi Skype 018A"]
[Site "Skype"]
[Date "????.??.??"]
[Round "5.16"]
[White "Meaney, Mike"]
[Black "Janssen, Gerard"]
[Result "0-1"]
[WhiteElo "1469"]
[BlackElo "1694"]
[PlyCount "56"]

1. e4 e5 2. Bc4 Nf6 3. d4 exd4 4. Nf3 Bb4+ 5. Nbd2 Nc6 6. a3 Ba5 7. b4 Bb6 8.
b5 Na5 9. Ba2 O-O 10. O-O d6 11. Re1 c5 12. e5 dxe5 13. Nxe5 Nd5 14. Ndc4 Nc3
15. Qd3 Nxa2 16. Rxa2 Be6 17. Re4 Bf5 18. Qg3 Bxe4 19. Bh6 Qf6 20. Bg5 Qe6 21.
Ra1 Nxc4 22. Nxc4 Qxc4 23. Re1 Bg6 24. h4 Qxb5 25. Qg4 Bxc2 26. h5 f5 27. Qg3
Ba5 28. Re2 Qxe2 0-1

[Event "Tournoi Skype 018A"]
[Site "Skype"]
[Date "????.??.??"]
[Round "5.17"]
[White "Rugman, Dan"]
[Black "Bendre, Pankaj"]
[Result "1-0"]
[WhiteElo "1422"]
[BlackElo "1603"]
[PlyCount "43"]

1. e4 c5 2. Nf3 d6 3. d4 cxd4 4. Nxd4 Nf6 5. Nc3 g6 6. Be3 Ng4 7. Bb5+ Nc6 8.
Bxc6+ bxc6 9. Nxc6 Qc7 10. Nd4 Nxe3 11. fxe3 e5 12. Nd5 Qa5+ 13. b4 Qd8 14. Nc6
Qg5 15. O-O Bb7 16. Nc7+ Kd7 17. Nxa8 Bxc6 18. Rxf7+ Kd8 19. Rxf8+ Rxf8 20.
Qxd6+ Bd7 21. Qxf8+ Be8 22. Rd1+ 1-0

[Event "Tournoi Skype 018A"]
[Site "Skype"]
[Date "????.??.??"]
[Round "5.19"]
[White "Carballo, Jorge"]
[Black "L'Herbon De Lussats, Jean"]
[Result "0-1"]
[WhiteElo "1559"]
[BlackElo "1374"]
[PlyCount "80"]

1. e4 c5 2. Nf3 Nc6 3. Bc4 e6 4. O-O d6 5. c3 Nf6 6. Re1 Be7 7. d4 O-O 8. Bg5
h6 9. Bh4 Qc7 10. dxc5 dxc5 11. Bg3 e5 12. Na3 a6 13. Nc2 b5 14. Bd5 Bb7 15.
Bxc6 Rad8 16. Qe2 Bxc6 17. Nxe5 Bxe4 18. Ng4 Qc6 19. Nxf6+ Bxf6 20. Qxe4 Qxe4
21. Rxe4 Rd2 22. Rc1 Rfd8 23. Ree1 Bg5 24. f4 Bf6 25. Bf2 c4 26. Be3 R2d6 27.
Bd4 g5 28. Bxf6 Rxf6 29. g3 gxf4 30. Rf1 Kg7 31. Rxf4 Rg6 32. Nd4 h5 33. Rcf1
b4 34. Rxf7+ Kh6 35. Nf5+ Kg5 36. h4+ Kg4 37. Kg2 Rd2+ 38. Kg1 Kh3 39. Ne3
Rxg3+ 40. Ng2 Rgxg2+ 0-1

[Event "Tournoi Skype 018A"]
[Site "Skype"]
[Date "????.??.??"]
[Round "5.21"]
[White "Hague, Mark"]
[Black "Thoune, Jim"]
[Result "0-1"]
[WhiteElo "1493"]
[BlackElo "1809"]
[PlyCount "46"]

1. d4 Nf6 2. e3 b6 3. c4 e6 4. Nc3 Bb7 5. Nf3 Be7 6. Bd3 O-O 7. e4 h6 8. Be3 d6
9. O-O Nbd7 10. a3 d5 11. e5 Ne4 12. cxd5 Nxc3 13. bxc3 exd5 14. Qd2 f5 15. g4
fxg4 16. Bxh6 Rxf3 17. Qc2 Nf8 18. Bh7+ Nxh7 19. Qg6 Qf8 20. Qxg4 Ba6 21. Rfe1
Rxf2 22. Re3 Rf1+ 23. Rxf1 Qxf1# 0-1

[Event "Tournoi Skype 018A"]
[Site "Skype"]
[Date "????.??.??"]
[Round "5.22"]
[White "Farthouat, Titoine"]
[Black "Coruble, Didier"]
[Result "1-0"]
[WhiteElo "1606"]
[BlackElo "1505"]
[PlyCount "97"]

1. e4 Nf6 2. d3 e5 3. Bg5 Be7 4. Nf3 d6 5. g3 O-O 6. Bg2 Bg4 7. O-O Nc6 8. Nc3
Nd4 9. Re1 Nxf3+ 10. Bxf3 Bxf3 11. Qxf3 c6 12. Rad1 g6 13. Ne2 Kg7 14. h3 Rh8
15. c3 h6 16. Bxf6+ Bxf6 17. d4 Qc7 18. Rd3 Rad8 19. Red1 Qc8 20. Kh2 h5 21.
dxe5 Bxe5 22. h4 Qg4 23. Qxg4 hxg4 24. Kg2 g5 25. hxg5 Rh7 26. Rh1 Rxh1 27.
Kxh1 Rh8+ 28. Kg2 Kg6 29. Nd4 Rd8 30. Nf5 Kxg5 31. f4+ gxf3+ 32. Rxf3 Bf6 33.
Nh4 Be5 34. Rxf7 Kg4 35. Rxb7 Rf8 36. Ng6 Re8 37. Nxe5+ Rxe5 38. Rg7+ Kh5 39.
Kf3 a5 40. Rf7 Rb5 41. Rf5+ Rxf5+ 42. exf5 Kg5 43. g4 d5 44. Ke3 c5 45. Kd3 a4
46. b3 axb3 47. axb3 Kf6 48. b4 d4 49. bxc5 1-0

[Event "Tournoi Skype 018A"]
[Site "Skype"]
[Date "????.??.??"]
[Round "6.1"]
[White "Plourde, Alain"]
[Black "Ibarra Cantu, Raul Alberto"]
[Result "1/2-1/2"]
[WhiteElo "1931"]
[BlackElo "2041"]
[PlyCount "53"]

1. d4 Nf6 2. c4 g6 3. Nc3 Bg7 4. e4 d6 5. Be2 O-O 6. Nf3 e5 7. dxe5 dxe5 8.
Qxd8 Rxd8 9. O-O Bg4 10. Bg5 c6 11. Rfd1 Na6 12. h3 Bxf3 13. Bxf3 Nc7 14. Rxd8+
Rxd8 15. Bxf6 Bxf6 16. Rd1 Rxd1+ 17. Bxd1 Ne6 18. Bg4 Nd4 19. Bc8 b6 20. Kf1
Kf8 21. Bb7 Ke7 22. Ne2 Kd6 23. Nxd4 exd4 24. Ke2 d3+ 25. Kxd3 Bxb2 26. Kc2 Be5
27. Kd3 1/2-1/2

[Event "Tournoi Skype 018A"]
[Site "Skype"]
[Date "????.??.??"]
[Round "6.2"]
[White "Ayotte, Jocelyn"]
[Black "Hilton, Stephen"]
[Result "1-0"]
[WhiteElo "2167"]
[BlackElo "1934"]
[PlyCount "73"]

1. d4 Nf6 2. c4 g6 3. Nc3 d5 4. Nf3 Bg7 5. g3 O-O 6. Bg2 dxc4 7. O-O c5 8. d5
Nbd7 9. h3 b6 10. e4 Bb7 11. Qe2 Ne8 12. Qxc4 Nd6 13. Qe2 Ne5 14. Nxe5 Bxe5 15.
f4 Bd4+ 16. Be3 Qc8 17. Rfd1 Ba6 18. Qf2 Bxe3 19. Qxe3 Rb8 20. b3 Qd7 21. g4
Nb5 22. Nxb5 Bxb5 23. Rd2 Rfd8 24. Rad1 Qe8 25. e5 f5 26. gxf5 gxf5 27. Bf3 Qf7
28. e6 Qf6 29. Qe5 Rf8 30. d6 exd6 31. Qxd6 Rbd8 32. Qxd8 Rxd8 33. Rxd8+ Kg7
34. R8d7+ Bxd7 35. exd7 Qd8 36. Kh1 Kf6 37. Bc6 1-0

[Event "Tournoi Skype 018A"]
[Site "Skype"]
[Date "????.??.??"]
[Round "6.5"]
[White "Ricieri, Vinicius"]
[Black "Murgia, Stefano"]
[Result "1/2-1/2"]
[WhiteElo "1714"]
[BlackElo "1628"]
[PlyCount "23"]

1. e4 e5 2. Nf3 Nc6 3. d4 exd4 4. Nxd4 Bb4+ 5. c3 Bc5 6. Bc4 Ne5 7. Be2 Nf6 8.
Nd2 d6 9. O-O O-O 10. Kh1 Nfg4 11. h3 Qh4 12. Kg1 1/2-1/2

[Event "Tournoi Skype 018A"]
[Site "Skype"]
[Date "????.??.??"]
[Round "6.6"]
[White "Deville, Olivier"]
[Black "Engstrom, Olle"]
[Result "1-0"]
[WhiteElo "1974"]
[BlackElo "1809"]
[PlyCount "63"]

1. c4 f5 2. g3 Nf6 3. Bg2 e6 4. Nf3 d5 5. d4 c6 6. O-O Be7 7. b3 O-O 8. Ba3
Bxa3 9. Nxa3 Bd7 10. Nc2 Be8 11. Nce1 Nbd7 12. Nd3 Qe7 13. Qc2 Ne4 14. b4 Ndf6
15. a4 dxc4 16. Qxc4 Nd6 17. Qb3 Nd5 18. Nc5 b6 19. Nd3 Bh5 20. Nde5 Rfc8 21.
a5 c5 22. dxc5 bxc5 23. b5 Rab8 24. b6 axb6 25. a6 Ra8 26. Rfe1 Nb4 27. Nd4 Ne4
28. Nxf5 Qf6 29. Bxe4 Qxe5 30. Ne7+ Kf7 31. Nxc8 Rxc8 32. Bb7 1-0

[Event "Tournoi Skype 018A"]
[Site "Skype"]
[Date "????.??.??"]
[Round "6.8"]
[White "Rico Hernandez, Edgar"]
[Black "Barrasso, Alex"]
[Result "1-0"]
[WhiteElo "1872"]
[BlackElo "1781"]
[PlyCount "69"]

1. d4 Nf6 2. c4 e6 3. Bg5 Bb4+ 4. Nc3 c5 5. dxc5 Bxc3+ 6. bxc3 h6 7. Bh4 Nc6 8.
Nf3 Qa5 9. Bxf6 gxf6 10. Qd2 Qxc5 11. e3 b6 12. Rd1 Na5 13. Qd4 e5 14. Qxc5
bxc5 15. Be2 Ba6 16. Nd2 Rb8 17. Ne4 Ke7 18. Nxc5 Bxc4 19. Rxd7+ Ke8 20. Bxc4
Rb1+ 21. Rd1 Rxd1+ 22. Kxd1 Nxc4 23. Kc2 Ke7 24. Rd1 Rc8 25. Ne4 Rb8 26. Nd2
Rb2+ 27. Kc1 Rxd2 28. Rxd2 Nxd2 29. Kxd2 Kd6 30. Kd3 Kd5 31. e4+ Kc5 32. g4 a6
33. f3 a5 34. a4 Kc6 35. Kc4 1-0

[Event "Tournoi Skype 018A"]
[Site "Skype"]
[Date "????.??.??"]
[Round "6.9"]
[White "Dal, Ibrahim"]
[Black "Rochette, Mathieu"]
[Result "1-0"]
[WhiteElo "1849"]
[BlackElo "1589"]
[PlyCount "36"]

1. d4 Nf6 2. Nf3 e6 3. c4 Bb4+ 4. Bd2 Qe7 5. g3 b6 6. Bg2 Bb7 7. O-O O-O 8. Bg5
h6 9. Bxf6 Qxf6 10. a3 Be7 11. Nc3 d5 12. cxd5 exd5 13. Ne5 Rd8 14. Qb3 Kh8 15.
e4 c5 16. Nxd5 Qe6 17. Qf3 cxd4 18. Nxf7+ Qxf7 1-0

[Event "Tournoi Skype 018A"]
[Site "Skype"]
[Date "????.??.??"]
[Round "6.10"]
[White "Legueltel, Daniel"]
[Black "Sierra, Henry Alberto"]
[Result "1-0"]
[WhiteElo "1823"]
[BlackElo "1561"]
[PlyCount "67"]

1. d4 Nf6 2. c4 e6 3. Nc3 d5 4. Bg5 c6 5. e3 Be7 6. Nf3 Nbd7 7. Bd3 dxc4 8.
Bxc4 O-O 9. O-O Nd5 10. Bxe7 Qxe7 11. Rc1 N7f6 12. a3 Nxc3 13. Rxc3 Nd5 14. Rc1
Bd7 15. Ba2 Rac8 16. Qa4 a6 17. Qb3 Rc7 18. Ne5 Rfc8 19. Nd3 Nf6 20. Nc5 Be8
21. Qd3 e5 22. dxe5 Qxe5 23. Qc3 Qe7 24. Bb1 Bd7 25. Rcd1 Be6 26. Rd4 Bd5 27.
b4 Nd7 28. Nxd7 Rxd7 29. Rfd1 Rcd8 30. Qd3 g6 31. Qe2 Bc4 32. Qxc4 Rxd4 33.
Rxd4 Rxd4 34. Qxd4 1-0

[Event "Tournoi Skype 018A"]
[Site "Skype"]
[Date "????.??.??"]
[Round "6.11"]
[White "Karia, Vijay"]
[Black "Casey, Eamonn"]
[Result "1-0"]
[WhiteElo "1674"]
[BlackElo "1733"]
[PlyCount "29"]

1. e4 e6 2. Nc3 d5 3. Nf3 Nf6 4. e5 Nfd7 5. d4 a6 6. Bd3 c5 7. dxc5 Bxc5 8. O-O
Nc6 9. Bf4 O-O 10. Bxh7+ Kh8 11. Bd3 g6 12. Kh1 Nb4 13. Ng5 Nxd3 14. Qxd3 Qe8
15. Qh3+ 1-0

[Event "Tournoi Skype 018A"]
[Site "Skype"]
[Date "????.??.??"]
[Round "6.13"]
[White "L'Herbon De Lussats, Jean"]
[Black "Gharbi, Said"]
[Result "1-0"]
[WhiteElo "1374"]
[BlackElo "1567"]
[PlyCount "87"]

1. c4 b6 2. d4 Bb7 3. d5 c5 4. Nc3 e6 5. e4 exd5 6. cxd5 Bd6 7. Nf3 Ba6 8. Bxa6
Nxa6 9. Nb5 Bb8 10. d6 Nf6 11. e5 Nh5 12. O-O O-O 13. Qd5 Nc7 14. dxc7 Bxc7 15.
e6 Nf6 16. Bg5 Nxd5 17. Bxd8 Bxd8 18. exd7 Bf6 19. Rad1 Nb4 20. a3 Nc6 21. Rd2
a6 22. Nc7 Ra7 23. Ne8 Nd4 24. Nxf6+ gxf6 25. Nxd4 Rxd7 26. Nf3 Rfd8 27. Rfd1
Rxd2 28. Rxd2 Rxd2 29. Nxd2 b5 30. b3 Kf8 31. Kf1 Ke7 32. Ke2 Kd6 33. Kd3 Kd5
34. f4 f5 35. h3 h5 36. g3 a5 37. a4 bxa4 38. bxa4 c4+ 39. Nxc4 Kc5 40. Nxa5
Kb4 41. Nc6+ Kxa4 42. Ne7 Kb5 43. Nxf5 Kc6 44. Ng7 1-0

[Event "Tournoi Skype 018A"]
[Site "Skype"]
[Date "????.??.??"]
[Round "6.14"]
[White "Prasad Singh, Ambika"]
[Black "Aranzubia, Desiderio"]
[Result "1-0"]
[WhiteElo "1545"]
[BlackElo "1586"]
[PlyCount "35"]

1. e4 c5 2. Nf3 Nc6 3. d4 cxd4 4. Nxd4 g6 5. Nc3 Bg7 6. Be3 a6 7. Be2 Nf6 8. f3
Qc7 9. Qd2 O-O 10. g4 Ne5 11. g5 Ne8 12. Nd5 Qd6 13. f4 Nc6 14. c4 e6 15. e5
Qb8 16. Nb6 Ra7 17. Nxc6 dxc6 18. Nxc8 1-0

[Event "Tournoi Skype 018A"]
[Site "Skype"]
[Date "????.??.??"]
[Round "6.15"]
[White "Thoune, Jim"]
[Black "Yardimci, Ertan"]
[Result "1-0"]
[WhiteElo "1809"]
[BlackElo "1498"]
[PlyCount "89"]

1. d4 Nf6 2. c4 e6 3. Nc3 Be7 4. Nf3 b6 5. Bg5 Bb7 6. e3 O-O 7. Be2 d5 8. Bxf6
Bxf6 9. cxd5 exd5 10. O-O c5 11. Rc1 Be7 12. Qc2 Nd7 13. Rfd1 Nf6 14. dxc5 Bxc5
15. Nd4 Qe7 16. Nf5 Qe6 17. Nb5 Rfc8 18. Qb1 a6 19. Nbd4 Bxd4 20. Nxd4 Qe8 21.
b3 h6 22. Qb2 Rc5 23. Nf5 Qe6 24. Bg4 Ne8 25. Bh3 Qf6 26. Qxf6 Nxf6 27. Rxc5
bxc5 28. Rc1 Ne4 29. f3 Ng5 30. Bg4 Ne6 31. Nd6 Bc8 32. Bxe6 Bxe6 33. Rxc5 Ra7
34. Nc8 Rb7 35. Kf2 Kf8 36. Ke2 Rb8 37. Na7 Ra8 38. Rc7 Ke8 39. Nc6 Bd7 40. Kd3
h5 41. Kd4 Be6 42. Re7+ Kf8 43. Rc7 Ke8 44. Ne5 Rd8 45. Rc5 1-0

[Event "Tournoi Skype 018A"]
[Site "Skype"]
[Date "????.??.??"]
[Round "6.16"]
[White "Le Brun, Yves"]
[Black "Trivedi, Viral"]
[Result "0-1"]
[WhiteElo "1623"]
[BlackElo "1587"]
[PlyCount "56"]

1. e4 d5 2. exd5 e6 3. Bb5+ c6 4. dxc6 Nxc6 5. Nf3 Bd7 6. Nc3 a6 7. Be2 Nf6 8.
a3 Bd6 9. d3 h6 10. Be3 Ng4 11. Bd2 Qc7 12. Ne4 Be7 13. Bc3 Nge5 14. d4 Nxf3+
15. Bxf3 O-O 16. O-O Rad8 17. Qe2 e5 18. Rad1 exd4 19. Bxd4 Nxd4 20. Rxd4 Bb5
21. Qd2 Rxd4 22. Qxd4 Bxf1 23. Kxf1 Qxc2 24. Bd1 Qc7 25. Nc3 Rd8 26. Qe4 Bf6
27. Bc2 g6 28. Nd5 Rxd5 0-1

[Event "Tournoi Skype 018A"]
[Site "Skype"]
[Date "????.??.??"]
[Round "6.17"]
[White "Saponara, Jose Maria"]
[Black "Farthouat, Titoine"]
[Result "1/2-1/2"]
[WhiteElo "1561"]
[BlackElo "1606"]
[PlyCount "75"]

1. e4 c5 2. Nf3 d6 3. Bc4 Nf6 4. d3 g6 5. Bd2 Bg7 6. Bc3 O-O 7. O-O Bg4 8. Nbd2
e6 9. h3 Bxf3 10. Qxf3 Nbd7 11. a3 Bh6 12. Ba2 b5 13. Rad1 a5 14. Rfe1 b4 15.
Bxf6 Qxf6 16. Qxf6 Nxf6 17. Nc4 Rfd8 18. d4 d5 19. exd5 exd5 20. Nb6 Rab8 21.
dxc5 d4 22. Re7 Rf8 23. Rxd4 Rbe8 24. Ra7 Bc1 25. axb4 Bxb2 26. Rc4 axb4 27.
Rxb4 Bc3 28. Rc4 Be5 29. f4 Bb8 30. Rb7 Re4 31. Rxe4 Nxe4 32. Nd7 Nxc5 33. Nxc5
Bxf4 34. Bd5 Be3+ 35. Kf1 Bxc5 36. c4 Kg7 37. Rc7 Bd6 38. Rd7 1/2-1/2

[Event "Tournoi Skype 018A"]
[Site "Skype"]
[Date "????.??.??"]
[Round "6.18"]
[White "Bendre, Pankaj"]
[Black "Yeter, Orhan"]
[Result "1/2-1/2"]
[WhiteElo "1603"]
[BlackElo "1544"]
[PlyCount "85"]

1. e4 c5 2. Nf3 d6 3. d4 cxd4 4. Nxd4 Nc6 5. Nc3 a6 6. Be2 g6 7. Be3 Bg7 8. Qd2
Nf6 9. h3 O-O 10. f4 e5 11. Nf3 Re8 12. O-O exf4 13. Bxf4 Nxe4 14. Qd3 Bf5 15.
Qc4 Qb6+ 16. Kh2 Qxb2 17. Nd5 Rac8 18. Rab1 Qa3 19. Nb6 Na5 20. Qd5 Rc5 21. Qd3
Qxd3 22. Bxd3 Be5 23. Nxe5 dxe5 24. Bh6 Nc6 25. Bxe4 Bxe4 26. Nd7 Rxc2 27. Nf6+
Kh8 28. Nxe4 Nd8 29. Rf3 f5 30. Nf6 e4 31. Re3 Re6 32. Rd1 Nf7 33. Nxe4 Nxh6
34. Rd8+ Ng8 35. Nf6 Rxf6 36. Ree8 Kg7 37. Rxg8+ Kh6 38. Kg3 Rxa2 39. Rd4 f4+
40. Kf3 Ra3+ 41. Kf2 Kg5 42. Rh8 h5 43. Re8 1/2-1/2

[Event "Tournoi Skype 018A"]
[Site "Skype"]
[Date "????.??.??"]
[Round "6.19"]
[White "Aceituno, Stebe"]
[Black "Rugman, Dan"]
[Result "0-1"]
[WhiteElo "1588"]
[BlackElo "1422"]
[PlyCount "52"]

1. e4 c5 2. Nf3 d6 3. d4 cxd4 4. Nxd4 Nf6 5. Nc3 g6 6. Bg5 Bg7 7. Qd2 Nc6 8.
Bb5 Bd7 9. Nxc6 bxc6 10. Ba4 Rb8 11. Bb3 h6 12. Bh4 g5 13. Bg3 Nh5 14. f3 Rg8
15. Bf2 c5 16. g4 Nf4 17. h4 Ng2+ 18. Kf1 Nxh4 19. Bxh4 gxh4 20. Rxh4 c4 21.
Bxc4 Rxb2 22. Bb3 e6 23. Rd1 Qxh4 24. Kg2 Be5 25. Rh1 Qg3+ 26. Kf1 Qxf3+ 0-1

[Event "Tournoi Skype 018A"]
[Site "Skype"]
[Date "????.??.??"]
[Round "6.21"]
[White "Talbot, Jacques"]
[Black "Carballo, Jorge"]
[Result "0-1"]
[WhiteElo "1525"]
[BlackElo "1559"]
[PlyCount "46"]

1. e4 e5 2. Nf3 Nc6 3. d4 exd4 4. Nxd4 d6 5. Bc4 Nf6 6. Nc3 Be7 7. Bg5 Nxe4 8.
Bxe7 Qxe7 9. O-O Nxc3 10. bxc3 O-O 11. Re1 Qd8 12. Qf3 Ne5 13. Qe2 Nxc4 14.
Qxc4 d5 15. Qd3 c6 16. Re3 Bd7 17. Rae1 Qf6 18. Rf3 Rae8 19. Rxe8 Rxe8 20. h3
Re1+ 21. Kh2 Qe5+ 22. g3 Qe4 23. Re3 Qh1# 0-1

[Event "Tournoi Skype 018A"]
[Site "Skype"]
[Date "????.??.??"]
[Round "6.22"]
[White "Alvarez, Rafael Andres"]
[Black "Hague, Mark"]
[Result "1-0"]
[WhiteElo "1600"]
[BlackElo "1493"]
[PlyCount "61"]

1. d4 Nf6 2. Bf4 e6 3. Nf3 d5 4. Nbd2 Bd6 5. Bg3 O-O 6. Ne5 Nfd7 7. e3 Nxe5 8.
dxe5 Be7 9. Bd3 Nc6 10. c3 Bh4 11. Qh5 g6 12. Qxh4 Qxh4 13. Bxh4 Nxe5 14. Be2
c5 15. Bf6 Nd7 16. Bg5 f6 17. Bh6 Re8 18. h4 Ne5 19. h5 g5 20. f4 g4 21. fxe5
fxe5 22. O-O-O e4 23. Rdf1 e5 24. Bb5 Rd8 25. Rf6 a6 26. Ba4 b5 27. Bb3 c4 28.
Rhf1 Bb7 29. Bd1 g3 30. Bg4 a5 31. Be6+ 1-0